Pays de la charia - Statistiques

Statistiques générales
  • Ce quiz a été pris 13 332 fois
  • Le résultat moyen est 7 sur 11
Statistiques - réponses
Pays % Correct
Arabie Saoudite
95%
Iran
94%
Irak
90%
Afghanistan
87%
Qatar
81%
Yémen
81%
Pakistan
78%
Soudan
49%
Mauritanie
34%
Brunei
28%
Maldives
22%
Aucun quiz correspondant
Distribution des résultats
% des personnes avec chaque résultat
Percentile par nombre de réponses
Votre historique - résultats
Vous n’avez pas pris ce quiz